Lucia Liptáková opäť zabodovala na súťaži krásy dievčatá zobrali v Číne na výlet na slepačiu farmu

Podrobná bibliografia
Hlavný autor: Mazurková, Renáta, 1972- (Autor)
Médium: Článok
Jazyk:slovenčina
Fyzický popis:Fotogr.
ISSN:1335-7581
Predmet:

MARC

LEADER 00000nab a2200000 a 4500
001 vtls008633875
003 SK-MaSNL
005 20260303071704.0
008 060323c20060321xo mr| 0 0slo
038 |a RVGKPD 
040 |a RVGKPD  |b slo  |c RVGKPD  |e AACR2 
041 |a slo 
044 |a xo  |c SK 
080 |a 06.063  |2 1997 
100 1 |a Mazurková, Renáta,  |d 1972-  |4 aut  |9 859052 
245 1 0 |a Lucia Liptáková opäť zabodovala na súťaži krásy  |b dievčatá zobrali v Číne na výlet na slepačiu farmu  |c Renáta Mazurková 
300 |b Fotogr. 
600 1 7 |a Liptáková, Lucia,  |d 1985-   |2 rvgkpd  |9 79267 
611 2 7 |a Miss Model Ot The World  |d (2006 :  |c Čína)  |2 rvgkpd  |9 1070656 
651 7 |a Rožňava (Slovensko)  |2 rvgkpd  |9 17394 
773 0 |t Korzár : Gemerský denník  |g Roč. VIII, č. 67 (21.3.2006), s. 1, 6  |x 1335-7581 
852 |a RVGKPD  |b KIS3G 
992 |a RBX 
999 |c 1761064  |d 1762994